000 00719cam a2200217 4500
001 WB3615-17
008 000000n2000 000 0 eng u
035 _a(Sirsi) u105314
245 _aTax perks for private-rented funding
260 _c2000
490 _aEstates Gazette
_v0014(8) April 2000, 46(1)
520 _aOutlines proposals in the housing green paper to bring in tax perks to encourage financial institutions into the private-rented sector. See WB3614-13.
590 _aWB
650 _aPRIVATE RENTED SECTOR
650 _aHOUSING GREEN PAPER
650 _aTAX INCENTIVES
650 _aLOCAL AUTHORITIES
650 _aHOUSING INVESTMENT
690 _aHOUSING-PRIVATE RENTED SECTOR
942 _n0
999 _c63139
_d63139